| 000 | 00836nam a2200217Ia 4500 | ||
|---|---|---|---|
| 003 | GCL | ||
| 005 | 20240530105049.0 | ||
| 008 | 140319s9999 xx 000 0 ara d | ||
| 040 |
_aGCL / _cGCL |
||
| 082 | 0 | 4 |
_a540 _bش ن |
| 100 | 1 | _aشوم، دانبيل | |
| 245 | 1 | 0 |
_aنظريات ومسائل فى الكيمياء العامة / _cشوم، دانبيل ، ترجمة السيد محمد عبد البارى ، مراجعة محمد توفيق الزميتى |
| 250 | _aط4 | ||
| 260 |
_aالقاهرة : _bالدار الدولية للنشر والتوزيع ، _c1992 |
||
| 300 |
_a413 ص ؛ _c24 سم |
||
| 490 |
_aملخصات شوم _v0 |
||
| 650 | 0 | 4 | _aالكيمياء |
| 700 |
_aالسيد محمد عبد البارى _eمترجم |
||
| 700 |
_aمحمد توفيق الزميتى _eمراجع |
||
| 942 |
_2ddc _cBK |
||
| 999 |
_c52874 _d52874 |
||